Three-Word Slogan Match-Up Quiz Stats

 Plays Quiz Updated Feb 9, 2016

Challenge
Share
Tweet
Score 0/20 Timer 06:00
0 Plays Today
% Correct
Kellogg's Rice Krispies
93.6%
Nike
92.7%
Skittles
91.9%
McDonald's
91.1%
Wheaties
84.3%
Johnson’s Baby Shampoo
82.5%
Campbell’s Soup
80.3%
Raid
79.7%
Wendy’s
77.4%
Chick-fil-A
76.9%
% Correct
Mountain Dew
75.1%
Sprite
74.2%
Fosters
74.1%
Miller Beer
73.1%
Fisher-Price
64.1%
Fox News
63.2%
Ajax
61.8%
Twizzlers
61%
Staples
59.5%
Adidas
49.1%

You're not logged in!

Compare scores with friends on all Sporcle quizzes.
OR
Log In

You Might Also Like...

Show Comments

Extras

Top Quizzes Today


Score Distribution

Your Account Isn't Verified!

In order to create a playlist on Sporcle, you need to verify the email address you used during registration. Go to your Sporcle Settings to finish the process.

Report this User

Report this user for behavior that violates our Community Guidelines.

Details: